Catalog

Record Details

Catalog Search



Gone gull Cover Image CD Audiobook CD Audiobook

Gone gull [sound recording] / Donna Andrews.

Summary:

In this knee-slapping adventure, Meg must identify a vandal and a murderer while also helping her grandfather track down and rescue his beloved gull.

Record details

  • ISBN: 9781520076393
  • ISBN: 1520076398
  • Physical Description: 7 audio discs (8 hr., 40 min.) : digital ; 4 3/4 in.
  • Edition: Unabridged.
  • Publisher: Holland, Ohio : Dreamscape Media, LLC, ©2017.

Content descriptions

General Note:
Title from container.
Compact discs.
Participant or Performer Note:
Read by Bernadette Dunne.
Subject: Langslow, Meg (Fictitious character) > Fiction.
Women detectives > Fiction.
Murder > Investigation > Fiction.
Mystery > .
Genre: Thrillers (Fiction)
Detective and mystery fiction.
Audiobooks.
Humorous fiction.

Available copies

  • 1 of 1 copy available at scottsboropl.

Holds

  • 0 current holds with 1 total copy.
Show Only Available Copies
Location Call Number / Copy Notes Barcode Shelving Location Status Due Date
scottsboropl BK/CD And 32269001023715 Adult - Audiobook Available -

LDR 01759cim a2200481Ii 4500
001144314
003CONS
00520170919070123.0
007sd fmngnnmmned
008170531t20172017ohunnnne f n eng d
020 . ‡a9781520076393
020 . ‡a1520076398
0243 . ‡a9781520076393
035 . ‡a(CPomAG)LMN601625
050 4. ‡aPS3551.N4165 ‡bG65 2017ab
08204. ‡a813/.6 ‡223
1001 . ‡aAndrews, Donna, ‡eauthor.
24510. ‡aGone gull ‡h[sound recording] / ‡cDonna Andrews.
250 . ‡aUnabridged.
264 1. ‡aHolland, Ohio : ‡bDreamscape Media, LLC, ‡c©2017.
300 . ‡a7 audio discs (8 hr., 40 min.) : ‡bdigital ; ‡c4 3/4 in.
306 . ‡a084000
336 . ‡aspoken word ‡bspw ‡2rdacontent
337 . ‡aaudio ‡bs ‡2rdamedia
338 . ‡aaudio disc ‡bsd ‡2rdacarrier
4901 . ‡aA Langslow mystery
500 . ‡aTitle from container.
500 . ‡aCompact discs.
5111 . ‡aRead by Bernadette Dunne.
520 . ‡aIn this knee-slapping adventure, Meg must identify a vandal and a murderer while also helping her grandfather track down and rescue his beloved gull.
650 0. ‡aLangslow, Meg (Fictitious character) ‡vFiction.
650 0. ‡aWomen detectives ‡vFiction.
650 0. ‡aMurder ‡xInvestigation ‡vFiction.
650 4. ‡aMystery ‡v.
655 7. ‡aThrillers (Fiction) ‡2lcgft
655 7. ‡aDetective and mystery fiction. ‡2lcgft
655 7. ‡aAudiobooks. ‡2lcgft
655 4. ‡aHumorous fiction.
7001 . ‡aDunne, Bernadette, ‡enarrator.
8001 . ‡aAndrews, Donna. ‡tMeg Langslow mystery (Holland, Ohio)
914 . ‡aSCP_kt
959 . ‡i32269001023715 ‡lBK/CD And ‡aAdult - Audiobook ‡tAudiobook ‡g35.00 ‡dVerify 7 discs
852 . ‡p32269001023715 ‡jBK/CD And ‡gAdult - Audiobook ‡cAudiobook ‡y35.00 ‡bSBPL
901 . ‡a144314 ‡bUnknown ‡c144314 ‡tbiblio

Additional Resources